000 01007cam a2200265 4500
001 2688584
003 ARRUPE
005 20160209120428.0
008 760331s1912 enkbf 000 0aeng
010 _a 12029308
035 _a(OCoLC)ocm02082634
035 _a(NNC)2688584
040 _aDLC
_cIDA
_dZCU
050 0 _aDT365
_b.M4
099 _a960
_aM4863
100 1 _aMelland, Frank H.
_q(Frank Hulme),
_d1879-1939.
_922114
245 1 0 _aThrough the heart of Africa
_bbeing an account of a journey on bicycles and on foot from Northern Rhodesia, past the Great Lakes, to Egypt, understand when proceeding home on leave in 1910.
_cBy Frank H. Mellano and Edward H. Cholmeley.
260 _aLondon
_bConstable & Company ltd.,
_c1912.
300 _axvii, [l], 305 p.
_bfront., plates, fold. map.
_c23 cm.
600 _aMelland, Frank Hulme
_922115
651 0 _aAfrica, East
_xDescription and travel.
_922116
700 1 _aCholmeley, Edward H.,
_eauthor.
_922117
942 _2lcc
_cSPC
999 _c124115
_d124115